| 000 | 00604pam a2200205 a 4500 | ||
|---|---|---|---|
| 001 | 4849830 | ||
| 005 | 20231122014718.0 | ||
| 008 | 910102s1991 nyu b 001 0 eng | ||
| 020 | _a0415901871 (hard) | ||
| 020 | _a041590188X (pbk.) | ||
| 040 |
_aDLC _cDLC _dDLC |
||
| 082 | 0 | 0 |
_a305.42/01 _220 |
| 100 | 1 | _aSawicki, Jana. | |
| 245 | 1 | 0 |
_aDisciplining Foucault : _bfeminism, power, and the body / _cJana Sawicki. |
| 260 |
_aNew York : _bRoutledge, _c1991. |
||
| 300 | _axiii, 130 p. ; | ||
| 650 | 0 | _aFeminist theory. | |
| 856 | 4 | 2 | _uhttp://www.loc.gov/catdir/enhancements/fy0651/91000142-d.html |
| 942 | _cL | ||
| 999 |
_c52 _d52 |
||